Hydrebad Mukta : (Record no. 365955)

MARC details
000 -LEADER
fixed length control field 00455nam a22001697a 4500
005 - DATE AND TIME OF LATEST TRANSACTION
control field 20250424124923.0
008 - FIXED-LENGTH DATA ELEMENTS--GENERAL INFORMATION
fixed length control field 250424b |||||||| |||| 00| 0 eng d
041 ## - LANGUAGE CODE
Language code of text/sound track or separate title mar
082 ## - DEWEY DECIMAL CLASSIFICATION NUMBER
Classification number 891.46
Item number MAN B22578
100 ## - MAIN ENTRY--PERSONAL NAME
Author Mandke S R
245 ## - TITLE STATEMENT
Title Hydrebad Mukta :
Remainder of title Uddam Nijam Bhuisapat
260 ## - PUBLICATION, DISTRIBUTION, ETC.
Place of publication, distribution, etc. Pune
Name of publisher, distributor, etc. Bharatiya Vichar Sadhana Prakashan
Date of publication, distribution, etc. 2012
300 ## - PHYSICAL DESCRIPTION
Extent 108p
500 ## - GENERAL NOTE
Keywords Marathi Literature<br/><br/>
500 ## - GENERAL NOTE
Keywords Literature
942 ## - ADDED ENTRY ELEMENTS (KOHA)
Koha item type Books
Holdings
Withdrawn status Lost status Source of classification or shelving scheme Damaged status Not for loan Home library Current library Date acquired Vendor Net Price Bill number Total Checkouts Full call number Barcode Date last seen Discount Actual Price Bill Date Koha item type Original Barcode
    Dewey Decimal Classification     Smt. Hiraben Nanavati Institute of Management & Research for Women Smt. Hiraben Nanavati Institute of Management & Research for Women 17/03/2025 Bharatiya Vichar Sadhana Foundation 100.00 HO/IN/579   891.46 MAN B22578 HIMR-BK-22578 24/04/2025 30 70.00 11/03/2025 Books B22578